[Event "Titled Tuesday intern op 19th Sep Early"]
[White "Shevchuk, Olexandr"]
[Black "Musat, Adrian"]
[Site "Chess.com INT"]
[Round "10"]
[Result "1/2-1/2"]
[Date "2023.09.19"]
[WhiteElo "2093"]
[BlackElo "2378"]
[PlyCount "70"]
[EventDate "2023.09.19"]
[EventType "swiss (blitz)"]
[EventRounds "11"]
[EventCountry "USA"]
[SourceTitle "EXT 2024"]
[Source "ChessBase"]
[SourceDate "2023.10.10"]
[SourceVersion "1"]
[SourceVersionDate "2023.10.10"]
[SourceQuality "1"]

1. d4 Nf6 2. c4 g6 3. Nc3 Bg7 4. e4 d6 5. Nf3 0-0 6. Be2 e5 7. d5 a5 8. Be3 Na6 9. Nd2 b6 10. 0-0 Nc5 11. b3 Nfd7 12. a3 f5 13. f3 Nf6 14. b4 axb4 15. axb4 Rxa1 16. Qxa1 Ncd7 17. Qa7 fxe4 18. fxe4 Ne8 19. Rxf8+ Bxf8 20. Bg4 Ndf6 21. Bxc8 Qxc8 22. h3 Nh5 23. Nf3 Nf4 24. Bxf4 exf4 25. e5 dxe5 26. Nxe5 Bxb4 27. Nc6 Bc5+ 28. Kh2 f3 29. Ne4 Qf5 30. gxf3 Qxf3 31. Nxc5 Qf2+ 32. Kh1 Qf1+ 33. Kh2 Qf2+ 34. Kh1 Qf1+ 35. Kh2 Qf2+ 1/2-1/2